|
|
|
|
| LEADER |
00000nab a2200000 a 4500 |
| 001 |
vtls000671681 |
| 003 |
SK-MaSNL |
| 005 |
20260304083458.0 |
| 008 |
250425c1998 xo 0 slo |
| 015 |
|
|
|a SNBRB1998/08-21537
|
| 035 |
|
|
|a CLN000023858
|
| 035 |
|
|
|a urn:nbn:sk:snk-abbs1z
|
| 035 |
|
|
|a (urnnbn)urn:nbn:sk:snk:ar-000x2v
|
| 035 |
|
|
|a (uuid)e2afa8bf-8bae-4f84-9cc3-a7fca0733dff
|
| 040 |
|
|
|a SNKBUCL
|b slo
|c SNKBUCL
|e AACR2
|
| 041 |
0 |
|
|a slo
|
| 044 |
|
|
|a xo
|c SK
|
| 080 |
|
|
|a 681.26:061.5(437.6)
|2 1997
|
| 245 |
0 |
0 |
|a ALYA - expert v riadiacich, vážiacich a dávkovacích systémoch
|
| 610 |
|
7 |
|a ALYA (Poprad, Slovensko)
|x váhy elektronické
|2 snkbucl
|9 1374230
|
| 650 |
0 |
7 |
|a váhy elektronické
|2 snkbucl
|9 1374231
|
| 651 |
|
7 |
|a Poprad (Slovensko : okres)
|2 snkbucl
|9 28675
|
| 655 |
|
7 |
|a články z novín a časopisov
|2 snkbucl
|9 267496
|
| 773 |
0 |
|
|t AT&P journal
|g Roč. 5, č. 5 (1998), s. 24
|x 1335-2237
|
| 850 |
|
|
|a Slovenská národná knižnica
|
| 852 |
|
|
|a Slovenská národná knižnica
|
| 954 |
|
|
|a odborná, vedecká literatúra pôvodná (slovenská)
|2 lita
|
| 958 |
|
|
|a article15
|
| 958 |
|
|
|a OND
|
| 958 |
|
|
|a EUIPO
|
| 992 |
|
|
|a RBX
|
| 999 |
|
|
|c 2800620
|d 2802550
|